000 00547nam a2200193Ia 4500
005 20260114185705.0
008 008 260114s9999 xx 000 0 eng d
020 _a9780755699704
037 _aEBOOK
040 _aCRL
_beng
_cCRL
041 _aeng
_2eng
084 _qCRL
100 _aMalcolm Jack
_9873190
245 0 _aLisbon: City of the Sea A History
260 _bBloomsbury
_c2007
856 _uhttps://doi.org/10.5040/9780755699704?locatt=label:secondary_bloomsburyCollections
942 _cEBOOK
999 _c1472138
_d1472138